Hlavné príčiny spôsobujúce diskrimináciu žien

Pokračovanie šlánku z predchádzajúceho čísla o hlavných príčinách diskriminácie žien vo vrcholových riadiacich pozíciách.

Enregistré dans:
Détails bibliographiques
Auteur principal: Ulčin, Peter
Format: Chapitre de livre
Langue:slovaque
Sujets:
Tags: Ajouter un tag
Pas de tags, Soyez le premier à ajouter un tag!

MARC

LEADER 00000naa a2200000 4500
001 0223182
005 20230912114857.9
041 0 |a slo 
044 |a SK 
245 1 0 |a Hlavné príčiny spôsobujúce diskrimináciu žien  |c Peter Ulčin 
520 |a Pokračovanie šlánku z predchádzajúceho čísla o hlavných príčinách diskriminácie žien vo vrcholových riadiacich pozíciách. 
610 2 0 |a manažéri 
610 2 0 |a manažment 
610 2 0 |a riadenie vrcholové 
610 2 0 |a metódy riadenia 
610 2 0 |a vzťahy genderové 
610 2 0 |a zamestnávatelia 
610 2 0 |a diskriminácia 
610 2 0 |a ženy 
100 1 |a Ulčin, Peter